The shell : a world of decoration & ornament

Bibliographic Details
Main Author: Thomas, Ingrid
Format: Book
Published: London : Thames & Hudson Ltd publishers , 2007
Subjects:

MARC

LEADER 00000cam a2200000 7i4500
001 0000019866
005 20090811.0
008 080619
020 |a 0500513576 
090 0 0 |a 704.943   |b THO 
100 1 |a Thomas, Ingrid 
245 1 4 |a The shell :   |b a world of decoration & ornament   |c Ingrid Thomas 
260 |a London :   |b Thames & Hudson Ltd publishers ,   |c 2007 
650 0 |a Decorative arts 
650 0 |a Shells in art 
999 |a 0001025900   |b Book   |c Adult Collection   |e Cawangan Urban Transformation Centre 
999 |a 0001058690   |b Book   |c REFERENCE   |e Perbadanan Perpustakaan Awam Johor